000 00376cam a2200157ua 4500
041 _aeng
_h
082 _a828.09
_bHOP/GE
100 _aHopkinson, Tom .
245 _aGeorge Orwell /
_cTom Hopkinson.
_hTextual Documents
250 _a1 /
_b.
260 _aLondon :
_bLongman Green and Co ,
_c1962.
300 _a36 ; .
504 _a
942 _cBK
999 _c5507
_d5507